Los grandes pequeños negocios : (Record no. 7239)

000 -CABECERA
fixed length control field 00969nam a22002057a 4500
003 - IDENTIFICADOR DEL NÚMERO DE CONTROL
control field AR-CdUCM
008 - DATOS DE LONGITUD FIJA--INFORMACIÓN GENERAL
fixed length control field 190320b ||||| |||| 00| 0 spa d
040 ## - FUENTE DE LA CATALOGACIÓN
Agencia/entidad que catalogó originalmente la obra MUNICIPALIDAD PROVINCIAL DEL CUSCO
Entidad que transcribió la catalogación BIBLIOTECA MUNICIPAL DEL CUSCO
082 ## - NÚMERO DE LA CLASIFICACIÓN DECIMAL DEWEY
No. de Clasificación 658.1 /
Notacion interna W84
100 ## - ENTRADA PRINCIPAL--NOMBRE DE PERSONA
Nombre Personal Wong Cam, David
245 ## - MENCIÓN DE TÍTULO
Título Los grandes pequeños negocios :
Resto del título Empresarios y Finanzas /
260 ## - PUBLICACIÓN, DISTRIBUCIÓN, ETC.
Lugar de publicación, distribución, etc. Perú :
Nombre de la editorial, distribuidor, etc. Centro de Investigacion de la Universidad del Pacífico ,
Fecha de publicación, distribución, etc. 1996.
300 ## - DESCRIPCIÓN FÍSICA
Nº de Páginas Extensión 389 páginas ;
Dimensiones 20.5 cm.
505 ## - NOTA DE CONTENIDO CON FORMATO
Nota de contenido formateada Contenido : 1.- Problematica de la Pequeña Empresa -- 2.- Situacion Financiera de la pequeña empresa -- 3.- Crecimiento en la etapa Inicial -- 4.- Crecimiento en la etapa de Conciliacion -- SEGUNDA PARTE -- 1.- Caso Albornoz -- 2.- Caso Alván -- 3.- Caso Argüello -- 4.- Caso Auza...
650 ## - PUNTO DE ACCESO ADICIONAL DE MATERIA--TÉRMINO DE MATERIA
Descriptor Economia de la Manofactura
9 (RLIN) 20407
650 ## - PUNTO DE ACCESO ADICIONAL DE MATERIA--TÉRMINO DE MATERIA
Descriptor Microempresas
9 (RLIN) 20408
650 ## - PUNTO DE ACCESO ADICIONAL DE MATERIA--TÉRMINO DE MATERIA
Descriptor Empresarios y Finanzas
9 (RLIN) 20409
942 ## - ELEMENTOS DE PUNTO DE ACCESO ADICIONAL (KOHA)
Fuente de clasificación
Tipo de item Libros-BMC
945 ## - PROCESAMIENTO DE INFORMACIÓN LOCAL (OCLC)
Catalogador rtm
Holdings
Estado de retiro (separado) Fuente de clasificación o esquema de estanterías Estado dañado Ubicación Sala donde se ubica Nombre de la colección Fecha de adquisición o compra Costo, precio normal en soles Signatura topográfica Código de Barras Última vez visto (Koha) Tipo de ítem (Koha)
No     Sala Ciencias Sala Ciencias Book Cart 2019-03-20 20.00 658.1 / W84 SC0000000238 2019-03-20 Libros-BMC

Powered by Koha